1955 1072 1677 1873 1939 1725 1626 1880 1820 1880 1242 1610 1887 1451 1179 1190 1325 1152 1628 1421 1291 1785 1283 1930 1114 1410 1402 1702 1590 1899 1043 1903 1352 1371 1079 1547 1938 1288 1996 1324 1027 1467 1753 1718 1323 1111 1707 1735 1069 1038 1898 1519 1917 1056 1024 1022 1114 1481 1659 1210 1817 1348 1336 1581 1189 1555 1204 1923 1881 1033 1358 1958 1545 1340 1638 1185 1872 1977 1616 1615 1176 1892 1243 1502 1792 1030 1591 1623 1426 1339 1513 1518 1057 1593 1051 1477 1376 1609 1181 BCNSPRNW ULIB Ver.6.0+V

เปลี่ยนเป็นภาษาไทย

Change to English
 แสดงรายละเอียดบรรณานุกรม
  กลับหน้าหลัก

Brief Record : Get Marc (ISO 2709) : E-mail record : QR code < ปิดหน้าต่าง
LEADER : 00000nam 2200000uu 4500
001    13399107844
003     ULIB
008    110206s2555||||th 000 0 tha d
020    9789746726603
060 04 WB100^bอ585
245 00 อาการวิทยาทางอายุรศาสตร์ /^cบรรณาธิการ, เมตตาภรณ์ พรพัฒน์กุล, ขจรศักดิ์ นพคุณ
250    พิมพ์ครั้งที่ 2
260    เชียงใหม่ :^bภาควิชาอายุรศาสตร์ คณะแพทยศาสตร์มหาวิทยาลัยเชียงใหม่,^c2555
300    429 หน้า :^bภาพประกอบ ;^c30 ซม.
650  7 การรักษาโรค
650  7 อายุรศาสตร์^vรวมเรื่อง
650  7 อาการช็อก
650  7 อาการใจสั่น
650  7 อาการเหนื่อย
650  7 การเต้นของหัวใจผิดปกติ
650  7 อาการปวดท้อง
650  7 อาการ^vรวมเรื่อง
700 0  เมตตาภรณ์ พรพัฒน์กุล,^eบรรณาธิการ
700 0  ขจรศักดิ์ นพคุณ,^eบรรณาธิการ
710 2  มหาวิทยาลัยเชียงใหม่. ^bคณะแพทยศาสตร์.^bภาควิชาอายุรศาสตร์
945    ^p500^l0^i19283
945    ^p500^l0^i19284
995    เกษร
999 ^a ใช้งานได้ทุกระบบ
รายการนี้ยังไม่มีแท็ก
คุณยังไม่ได้ล็อกอิน คุณสามารถมีกิจกรรมร่วมกับเว็บไซต์ได้ แต่ต้องล็อกอินก่อน ::
  ล็อกอิน

รายการสื่อสารสนเทศ

ลำดับที่ ประเภท เลขเรียก/บาร์โค้ด สถานที่ สถานะ
1. วิทยาศาสตร์การแพทย์ และสุขภาพ
วิทยาศาสตร์การแพทย์ และสุขภาพ
สถานะ=หนังสือเก่า
WB100 อ585 ฉ.1 
  Barcode: 19283
ห้องสมุดวิทยาเขตนครสวรรค์
►ส่วนจัดเก็บหนังสือเก่า นว.
บนชั้น
  ขอยืม
2. วิทยาศาสตร์การแพทย์ และสุขภาพ
วิทยาศาสตร์การแพทย์ และสุขภาพ
สถานะ=หนังสือเก่า
WB100 อ585 ฉ.2 
  Barcode: 19284
ห้องสมุดวิทยาเขตนครสวรรค์
►ส่วนจัดเก็บหนังสือเก่า นว.
บนชั้น
  ขอยืม

รายการใกล้เคียง
    หัวเรื่อง [การรักษาโรค]
    หัวเรื่อง [อาการช็อก]
    หัวเรื่อง [อาการใจสั่น]
    หัวเรื่อง [อาการเหนื่อย]
    หัวเรื่อง [การเต้นของหัวใจผิดปกติ]
    หัวเรื่อง [อาการปวดท้อง]

BibComment


ยังไม่เคยถูกคอมเมนท์

คอมเมนท์ทรัพยากรรายการนี้
  คอมเมนท์: อาการวิทยาทางอายุ..


 Copyright 2026. Bcnsprnw @Library